Структурная механика бумаги (бумажных текстильных материалов из химических и натуральных волокон)

מידע ביבליוגרפי
מחבר ראשי: Фролов М .В. Михаил Владимирович
שפה:רוסית
יצא לאור: Москва, Лесная промышленность, 1982
נושאים:
פורמט: MixedMaterials ספר
KOHA link:https://koha.lib.tpu.ru/cgi-bin/koha/opac-detail.pl?biblionumber=98662

MARC

LEADER 00000nam0a2200000 4500
001 98662
005 20231031111406.0
020 |a RU  |b 82-50770 
035 |a (RuTPU)RU\TPU\book\105772 
090 |a 98662 
100 |a 20060621d1982 k a0rusy5003 ca 
101 0 |a rus 
102 |a RU 
105 |a a z 001zy 
200 1 |a Структурная механика бумаги (бумажных текстильных материалов из химических и натуральных волокон)  |f М. В. Фролов 
210 |a Москва  |c Лесная промышленность  |d 1982 
215 |a 271 с.  |c ил., 8 л. ил.  |d 22 см. 
610 1 |a бумага 
610 1 |a структурная механика 
610 1 |a химические волокна 
610 1 |a натуральные волокна 
610 1 |a физико-механические свойства 
610 1 |a деформирование 
610 1 |a разрушение 
610 1 |a целлюлозные волокна 
675 |a 676.2  |z rus 
700 1 |a Фролов  |b М .В.  |g Михаил Владимирович  |4 070 
801 0 |a RU  |b RuMRKP  |c 19950704  |g psbo 
801 1 |a RU  |b 63413507  |c 20060621  |g PSBO 
801 2 |a RU  |b 63413507  |c 20200203  |g PSBO 
942 |c BK